<?xml version="1.0" encoding="UTF-8"?>
<record
    xmlns:xsi="http://www.w3.org/2001/XMLSchema-instance"
    xsi:schemaLocation="http://www.loc.gov/MARC21/slim http://www.loc.gov/standards/marcxml/schema/MARC21slim.xsd"
    xmlns="http://www.loc.gov/MARC21/slim">

  <leader>04764nam a2200541 a 4500</leader>
  <controlfield tag="001">dia_3813</controlfield>
  <controlfield tag="003">CHAP</controlfield>
  <controlfield tag="005">20241213111454.0</controlfield>
  <controlfield tag="007">ta</controlfield>
  <controlfield tag="008">220117s2007    mx d   frm    001 0 spa d</controlfield>
  <datafield tag="010" ind1=" " ind2=" ">
    <subfield code="a">174411</subfield>
  </datafield>
  <datafield tag="040" ind1=" " ind2=" ">
    <subfield code="c">CHAP</subfield>
    <subfield code="a">mxchpua</subfield>
    <subfield code="e">rda</subfield>
  </datafield>
  <datafield tag="041" ind1="0" ind2=" ">
    <subfield code="a">spa</subfield>
    <subfield code="b">eng</subfield>
  </datafield>
  <datafield tag="090" ind1=" " ind2=" ">
    <subfield code="a">Tesis</subfield>
    <subfield code="b">C78</subfield>
    <subfield code="c">2007</subfield>
  </datafield>
  <datafield tag="100" ind1="1" ind2=" ">
    <subfield code="a">Cruz Cruz, Fabiola</subfield>
  </datafield>
  <datafield tag="240" ind1="1" ind2="0">
    <subfield code="a">Conservation of husk tomato (Physalis ixocarpa Brot.) in modified atmosphere.</subfield>
    <subfield code="l">Espa&#xF1;ol</subfield>
  </datafield>
  <datafield tag="245" ind1="1" ind2="0">
    <subfield code="a">Conservaci&#xF3;n de tomate de c&#xE1;scara (Physalis ixocarpa Brot.) en atm&#xF3;sfera modificada /</subfield>
    <subfield code="c">Fabiola Cruz Cruz y Jos&#xE9; Armando Ch&#xE1;n Chi</subfield>
  </datafield>
  <datafield tag="264" ind1=" " ind2=" ">
    <subfield code="a">Chapingo, M&#xE9;xico :</subfield>
    <subfield code="b">El autor,</subfield>
    <subfield code="c">2007</subfield>
  </datafield>
  <datafield tag="300" ind1=" " ind2=" ">
    <subfield code="a">vii, 61 hojas :</subfield>
    <subfield code="b">gr&#xE1;ficas, tablas</subfield>
  </datafield>
  <datafield tag="336" ind1=" " ind2=" ">
    <subfield code="2">rdacontent</subfield>
    <subfield code="a">texto</subfield>
    <subfield code="b">txt</subfield>
  </datafield>
  <datafield tag="337" ind1=" " ind2=" ">
    <subfield code="2">rdamedia</subfield>
    <subfield code="a">no mediado</subfield>
    <subfield code="b">n</subfield>
  </datafield>
  <datafield tag="338" ind1=" " ind2=" ">
    <subfield code="2">rdacarrier</subfield>
    <subfield code="a">volumen</subfield>
    <subfield code="b">nc</subfield>
  </datafield>
  <datafield tag="502" ind1=" " ind2=" ">
    <subfield code="a">Tesis </subfield>
    <subfield code="b">(Ingeniero Agroindustrial) -- </subfield>
    <subfield code="c">UACh. Departamento de Ingenier&#xED;a Agroindustrial,</subfield>
    <subfield code="d">2007</subfield>
  </datafield>
  <datafield tag="504" ind1=" " ind2=" ">
    <subfield code="a">Bibliograf&#xED;a: hojas 53-60</subfield>
  </datafield>
  <datafield tag="520" ind1="3" ind2=" ">
    <subfield code="a">El objetivo de este trabajo fue evaluar el comportamiento de frutos de tomate de c&#xE1;scara en atm&#xF3;sfera modificada. Se realizaron dos fases; en la primera se estudi&#xF3; la actividad respiratoria de frutos de tomate de c&#xE1;scara mediante modelos de Michaelis-Menten. Se formaron cinco lotes de frutos con un peso de 2.72 kg que se colocaron por turnos en un recipiente herm&#xE9;tico de 9.1 L. Se registr&#xF3; la concentraci&#xF3;n de O2 y de CO2 durante 12h, se calcul&#xF3; el consumo de O2 (gO2, kggas.kgfruto-1.s-1) y se construyeron gr&#xE1;ficas tipo doble rec&#xED;proco [1/gO2 vs 1/pO2], de donde se identific&#xF3; un modelo de inhibici&#xF3;n mixta de la concentraci&#xF3;n de CO2 sobre el consumo de O2, que se analiz&#xF3; mediante regresi&#xF3;n no-lineal para determinar los par&#xE1;metros caracter&#xED;sticos. En la segunda fase se formaron unidades experimentales de 6 frutos cada una y se establecieron seis lotes de 10 unidades experimentales. Tres de ellos se colocaron dentro de bolsas de polietileno de baja densidad y el resto se mantuvo en aire natural. Cada lote de 10 unidades experimentales se mantuvo a 20 &#xBA;C durante 15 d; durante este periodo se retir&#xF3; una unidad experimental cada tercer d&#xED;a con el objeto de evaluar la relaci&#xF3;n c&#xE1;scara fruto, color, az&#xFA;cares reductores directos y totales, acidez, pH, firmeza y concentraci&#xF3;n de metabolitos anaerobios. Los resultados mostraron que el uso de atm&#xF3;sfera modificada present&#xF3; las mejores caracter&#xED;sticas para las variables medidas. --</subfield>
  </datafield>
  <datafield tag="520" ind1="3" ind2=" ">
    <subfield code="a">The aim of this work was to evaluate the behavior of husk tomato fruits in a modified atmosphere. Two phases were done; in the first, the characterization of the respiratory activity was expressed through models of Michaelis-Menten. Five lots of fruits weighting 2.72 kg were formed and placed inside a hermetic recipient of 9.1 L, where the concentration of O2 and CO2 was registered for 12 h. The O2 consumption was calculated, reciprocating double type graphics were constructed and from them was identified a mixed inhibition model of the CO2 concentration on the O2 consumption, which was analyzed through non-lineal regression to determine the characteristics parameters. In the second phase, experimental units were formed with six fruits each and six lots of ten experimental units were established. Three of them were maintained inside low density polyethylene bags and the rest were left in natural air. Units were stored at 20 &#xBA;C for 15 d and during this period a unit was separated from each lot at three days frequency to evaluate color, total sugars and reductant sugars, acididity, pH, texture and concentration of anaerobic metabolites. Results showed that the use of a modified atmosphere presented the best characteristics for the measured variables.</subfield>
  </datafield>
  <datafield tag="650" ind1="1" ind2="3">
    <subfield code="a">Tomatillos</subfield>
    <subfield code="x">Almacenamiento bajo atm&#xF3;sfera controlada  </subfield>
    <subfield code="2">atg</subfield>
  </datafield>
  <datafield tag="650" ind1="1" ind2="3">
    <subfield code="a">Tomatillos</subfield>
    <subfield code="x">Preservaci&#xF3;n de alimentos  </subfield>
    <subfield code="2">atg</subfield>
  </datafield>
  <datafield tag="650" ind1="1" ind2="3">
    <subfield code="a">Physalis philadelphica</subfield>
    <subfield code="2">atg</subfield>
  </datafield>
  <datafield tag="650" ind1="1" ind2="3">
    <subfield code="a">Tomatillos</subfield>
    <subfield code="x">Tratamiento postcosecha</subfield>
    <subfield code="2">atg</subfield>
  </datafield>
  <datafield tag="650" ind1="1" ind2="3">
    <subfield code="a">Comercializaci&#xF3;n de alimentos  </subfield>
    <subfield code="2">atg</subfield>
  </datafield>
  <datafield tag="650" ind1="1" ind2="3">
    <subfield code="a">Tomatillos</subfield>
    <subfield code="x">Controlled atmosphere storage  </subfield>
    <subfield code="2">atg</subfield>
  </datafield>
  <datafield tag="650" ind1="1" ind2="3">
    <subfield code="a">Tomatillos</subfield>
    <subfield code="x">Food preservation</subfield>
    <subfield code="2">atg</subfield>
  </datafield>
  <datafield tag="650" ind1="1" ind2="3">
    <subfield code="a">Tomatillos</subfield>
    <subfield code="x">Postharvest treatment</subfield>
    <subfield code="2">atg</subfield>
  </datafield>
  <datafield tag="650" ind1="1" ind2="3">
    <subfield code="a">Food marketing</subfield>
    <subfield code="2">atg</subfield>
  </datafield>
  <datafield tag="700" ind1="1" ind2=" ">
    <subfield code="a">Ch&#xE1;n Chi, Jos&#xE9; Armando</subfield>
    <subfield code="e">autor</subfield>
  </datafield>
  <datafield tag="700" ind1="1" ind2=" ">
    <subfield code="a">Valle Guadarrama, Salvador</subfield>
    <subfield code="e">director</subfield>
  </datafield>
  <datafield tag="700" ind1="1" ind2=" ">
    <subfield code="a">G&#xF3;mez Cruz, Adalberto</subfield>
    <subfield code="e">asesor</subfield>
  </datafield>
  <datafield tag="700" ind1="1" ind2=" ">
    <subfield code="a">Su&#xE1;rez Espinosa, Carlos</subfield>
    <subfield code="e">asesor</subfield>
  </datafield>
  <datafield tag="856" ind1="4" ind2="2">
    <subfield code="u">http://10.13.5.2/tesis/105507.pdf</subfield>
    <subfield code="y">DESCARGAR PDF</subfield>
  </datafield>
  <datafield tag="901" ind1=" " ind2=" ">
    <subfield code="a">TESIS C78 2007</subfield>
  </datafield>
  <datafield tag="902" ind1=" " ind2=" ">
    <subfield code="a">M</subfield>
  </datafield>
  <datafield tag="905" ind1=" " ind2=" ">
    <subfield code="a">5232272007                          mx nm  8223123322spa16</subfield>
  </datafield>
  <datafield tag="942" ind1=" " ind2=" ">
    <subfield code="c">TESIS</subfield>
    <subfield code="2">Clasificaci&#xF3;n Universidad Aut&#xF3;noma Chapingo</subfield>
  </datafield>
  <datafield tag="999" ind1=" " ind2=" ">
    <subfield code="c">174411</subfield>
    <subfield code="d">174411</subfield>
  </datafield>
  <datafield tag="952" ind1=" " ind2=" ">
    <subfield code="0">0</subfield>
    <subfield code="1">0</subfield>
    <subfield code="2">local</subfield>
    <subfield code="4">0</subfield>
    <subfield code="5">5</subfield>
    <subfield code="7">0</subfield>
    <subfield code="8">TESIS</subfield>
    <subfield code="a">IA_</subfield>
    <subfield code="b">IA_</subfield>
    <subfield code="d">2022-01-18</subfield>
    <subfield code="e">El autor</subfield>
    <subfield code="l">0</subfield>
    <subfield code="o">Tesis C78 2007</subfield>
    <subfield code="p">1101011825</subfield>
    <subfield code="r">2026-02-02 00:00:00</subfield>
    <subfield code="t">Ej. 2</subfield>
    <subfield code="y">TESIS</subfield>
  </datafield>
  <datafield tag="952" ind1=" " ind2=" ">
    <subfield code="0">0</subfield>
    <subfield code="1">0</subfield>
    <subfield code="2">local</subfield>
    <subfield code="4">0</subfield>
    <subfield code="5">1</subfield>
    <subfield code="7">0</subfield>
    <subfield code="8">TESIS</subfield>
    <subfield code="a">IA_</subfield>
    <subfield code="b">IA_</subfield>
    <subfield code="d">2022-01-18</subfield>
    <subfield code="e">El autor</subfield>
    <subfield code="l">0</subfield>
    <subfield code="o">Tesis C78 2007</subfield>
    <subfield code="p">1101000902</subfield>
    <subfield code="r">2026-02-02 00:00:00</subfield>
    <subfield code="t">Ej. 1</subfield>
    <subfield code="y">TESIS</subfield>
  </datafield>
  <datafield tag="952" ind1=" " ind2=" ">
    <subfield code="0">0</subfield>
    <subfield code="1">0</subfield>
    <subfield code="2">local</subfield>
    <subfield code="4">0</subfield>
    <subfield code="7">0</subfield>
    <subfield code="8">TesDigL</subfield>
    <subfield code="a">IA_</subfield>
    <subfield code="b">IA_</subfield>
    <subfield code="c">E_L</subfield>
    <subfield code="d">2024-12-13</subfield>
    <subfield code="e">El autor</subfield>
    <subfield code="l">0</subfield>
    <subfield code="p">1201000902</subfield>
    <subfield code="r">2024-12-13 11:16:54</subfield>
    <subfield code="w">2024-12-13</subfield>
    <subfield code="y">TD</subfield>
  </datafield>
</record>
